| 000 | 00755nam a2200241Ia 4500 | ||
|---|---|---|---|
| 003 | OSt | ||
| 005 | 20220923224224.0 | ||
| 006 | a|||||r|||| 00| 0 | ||
| 007 | ta | ||
| 008 | 220922b |||||||| |||| 00| 0 hin d | ||
| 024 | _a229,068 | ||
| 037 | _cTextual | ||
| 040 |
_aARTS _cARTS _bhin |
||
| 041 |
_2hin _ahin |
||
| 082 | _az2jM99, 152P5 | ||
| 100 | _aमिश्र, विद्यानिवास, संपा. | ||
| 245 | 0 | _aशेमुषी | |
| 246 | _aShemuṣhī | ||
| 260 |
_aवाराणसी _b शारदा निकेतन _c2005 |
||
| 300 |
_a799पृ. _ccm. |
||
| 942 |
_hz2jM99, 152P5 _cTEXL _2CC |
||
| 999 |
_c370055 _d370055 |
||